000 00648cam a22002295a 4500
001 L159718
008 150226s2016 xxk f 000 0 eng d
035 _a(Sirsi) u159718
041 0 _aeng
100 1 _aHooper, Brendon
_96168
245 0 0 _aDhow Factor
260 _c2016
490 _aModus
_vDecember 2016 - January 2017, 36-37 (2)
520 _aWill the striking design of the Dubai Opera house help the emirate reposition itself as a top cultural destination?
590 _aKA
650 2 4 _aTHEATRES
650 2 4 _aOPERA HOUSE
650 2 4 _aDESIGN
651 4 _aDubai
690 _aBUILDING AND CONSTRUCTION-PROJECTS
942 _n0
999 _c84930
_d84930